| 000 | 00526nam a2200181Ia 4500 | ||
|---|---|---|---|
| 005 | 20250317123524.0 | ||
| 008 | 008 250317s9999 xx 000 0 eng d | ||
| 037 | _aTextbook | ||
| 040 |
_aFMSL _beng _cFMSL |
||
| 041 |
_aeng _2eng |
||
| 084 |
_aBobX L3 _qFMSL |
||
| 100 |
_aMizrahi A B _9740454 |
||
| 245 | 0 | _aFinite mathematics with afflications for business & social sciences | |
| 260 |
_aNY _bNY, John Wiley _c1973 |
||
| 300 | _a467p | ||
| 942 |
_cTB _hBobX L3 |
||
| 999 |
_c1251614 _d1251614 |
||